| 000 | 00419nam a22001457a 4500 | ||
|---|---|---|---|
| 999 |
_c12067 _d12067 |
||
| 008 | 210119b ||||| |||| 00| 0 eng d | ||
| 082 | 0 | 0 |
_a669.9 _bR3231 |
| 100 |
_94305 _aReed-Hall, Robert E. |
||
| 245 | 1 | 0 |
_aPhysical metallurgy principles _cBy Robert E. Reed-Hall |
| 260 |
_aPrinceton _bD. Van Nostrand Company 1968 _c1968 |
||
| 300 | _ax,630 p. | ||
| 365 | _d14.00 | ||
| 650 | 0 | _aPhysical Metallurgy | |
| 942 | _cBK | ||